Top 500 Albums of All Time - Statistics

General Stats
  • This quiz has been taken 202 times
  • The average score is 129 of 500
Answer Stats
Artist Album % Correct
#10: Pink Floyd The Dark Side of the Moon
92%
#7: The Beatles Abbey Road
84%
#1: Radiohead OK Computer
84%
#128: Led Zeppelin Led Zeppelin
82%
#4: Radiohead Kid A
80%
#12: The Beatles Revolver
79%
#8: David Bowie The Rise and Fall of Ziggy Stardust and the Spiders From Mars
79%
#37: Led Zeppelin Led Zeppelin IV
77%
#25: The Beatles Sgt. Pepper's Lonely Hearts Club Band
77%
#3: Pink Floyd Wish You Were Here
77%
#123: Nirvana Nevermind
76%
#356: Pink Floyd The Wall
76%
#46: The Doors The Doors
74%
#64: The Velvet Underground The Velvet Underground
74%
#146: Led Zeppelin Led Zeppelin II
73%
#18: The Beach Boys Pet Sounds
73%
#106: Prince and The Revolution Purple Rain
71%
#11: Kendrick Lamar To Pimp a Butterfly
71%
#126: Nirvana In utero
70%
#373: Led Zeppelin Led Zeppelin III
70%
#32: The Beatles The Beatles
70%
#36: Pink Floyd Animals
69%
#89: The Clash London Calling
68%
#15: Black Sabbath Paranoid
68%
#99: Frank Ocean Blonde
67%
#74: The Beatles Rubber Soul
67%
#22: Nas Illmatic
66%
#17: Radiohead In Rainbows
66%
#2: King Crimson In the Court of the Crimson King
66%
#196: Radiohead The Bends
66%
#76: Black Sabbath Black Sabbath
65%
#144: Joni Mitchell Blue
65%
#30: The Smiths The Queen Is Dead
65%
#6: The Velvet Underground & Nico The Velvet Underground & Nico
65%
#272: Michael Jackson Thriller
65%
#24: Wu-Tang Clan Enter the Wu-Tang (36 Chambers)
63%
#41: David Bowie Low
62%
#13: Talking Heads Remain in Light
62%
#52: The Jimi Hendrix Experience Are You Experienced
61%
#337: The Replacements Let It Be
61%
#5: My Bloody Valentine Loveless
61%
#38: Kanye West My Beautiful Dark Twisted Fantasy
61%
#141: Fleetwood Mac Rumours
61%
#62: Stevie Wonder Songs in the Key of Life
60%
#95: Kanye West The College Dropout
60%
#82: Marvin Gaye What's Going On
59%
#55: The Jimi Hendrix Experience Electric Ladyland
58%
#199: Weezer Weezer
58%
#43: Miles Davis Bitches Brew
57%
#98: Metallica Master of Puppets
57%
#93: David Bowie
56%
#19: Kendrick Lamar good kid, m.A.A.d city
56%
#49: Kate Bush Hounds of Love
56%
#157: Kanye West Late Registration
56%
#20: Madvillain Madvillainy
56%
#31: Joy Division Unknown Pleasures
56%
#42: Bob Dylan Blood on the Tracks
55%
#50: Joy Division Closer
55%
#34: The Cure Disintegration
55%
#33: Pixies Doolittle
55%
#16: Miles Davis Kind of Blue
55%
#28: Bob Dylan Highway 61 Revisited
54%
#21: Neutral Milk Hotel In the Aeroplane Over the Sea
54%
#40: Bob Dylan Blonde on Blonde
53%
#79: David Bowie Hunky Dory
53%
#189: The Strokes Is This It
53%
#211: Led Zeppelin Physical Graffiti
53%
#27: Nick Drake Pink Moon
53%
#26: King Crimson Red
52%
#154: David Bowie "Heroes"
51%
#63: Sufjan Stevens Illinois
51%
#75: The Beatles Magical Mystery Tour
51%
#39: Television Marquee Moon
51%
#171: The Rolling Stones Exile on Main St.
50%
#58: Godspeed You! Black Emperor F♯ A♯ ∞
50%
#139: The Notorious B.I.G. Ready to Die
50%
#124: The Rolling Stones Sticky Fingers
50%
#158: Pixies Surfer Rosa
50%
#170: The Who Who's Next
49%
#47: Portishead Dummy
48%
#265: Led Zeppelin Houses of the Holy
48%
#247: Bruce Springsteen Born to Run
47%
#84: Arcade Fire Funeral
47%
#180: Jeff Buckley Grace
47%
#173: Rage Against the Machine Rage Against the Machine
47%
#134: Nine Inch Nails The Downward Spiral
47%
#271: Radiohead A Moon Shaped Pool
46%
#66: Sonic Youth Daydream Nation
46%
#101: Cocteau Twins Heaven or Las Vegas
46%
#352: Weezer Pinkerton
46%
#83: Metallica Ride the Lightning
46%
#179: Smashing Pumpkins Siamese Dream
46%
#29: Slint Spiderland
46%
#85: David Bowie Station to Station
46%
#226: Alice in Chains Dirt
45%
#152: Neil Young Harvest
45%
#100: Stevie Wonder Innervisions
45%
#136: The Cure Pornography
45%
#374: Paul & Linda McCartney Ram
45%
#53: A Tribe Called Quest The Low End Theory
45%
#14: John Coltrane A Love Supreme
44%
#78: OutKast Aquemini
44%
#162: The Rolling Stones Let It Bleed
44%
#260: Pink Floyd The Piper at the Gates of Dawn
44%
#184: The Stone Roses The Stone Roses
44%
#375: Radiohead Amnesiac
43%
#118: J Dilla Donuts
43%
#81: Elliott Smith Either / Or
43%
#279: Björk Post
43%
#88: Death Grips The Money Store
43%
#69: Björk Homogenic
42%
#366: Tyler, the Creator IGOR
42%
#353: The Doors L.A. Woman
42%
#107: Massive Attack Mezzanine
42%
#204: Queens of the Stone Age Songs for the Deaf
42%
#51: Yes Close to the Edge
41%
#44: DJ Shadow Endtroducing.....
41%
#48: Black Sabbath Master of Reality
41%
#145: Pink Floyd Meddle
41%
#382: Smashing Pumpkins Mellon Collie and the Infinite Sadness
41%
#201: MF DOOM Mm.. Food
41%
#150: Interpol Turn On the Bright Lights
41%
#68: Björk Vespertine
41%
#155: Depeche Mode Violator
41%
#71: Neil Young After the Gold Rush
40%
#72: Tom Waits Rain Dogs
40%
#176: Prince Sign "☮︎" the Times
40%
#164: Van Morrison Astral Weeks
39%
#248: Simon and Garfunkel Bridge Over Troubled Water
39%
#299: Daft Punk Discovery
39%
#314: Patti Smith Horses
39%
#59: Genius / GZA Liquid Swords
39%
#57: Slowdive Souvlaki
39%
#181: Bob Dylan The Freewheelin' Bob Dylan
39%
#138: Talking Heads Fear of Music
38%
#277: Public Enemy It Takes a Nation of Millions to Hold Us Back
38%
#132: The Stooges Raw Power
38%
#263: Iron Maiden The Number of the Beast
38%
#261: Lou Reed Transformer
38%
#94: The Velvet Underground White Light / White Heat
38%
#210: Wilco Yankee Hotel Foxtrot
38%
#318: John Lennon / Plastic Ono Band John Lennon / Plastic Ono Band
37%
#492: KIDS SEE GHOSTS KIDS SEE GHOSTS
37%
#240: Funkadelic Maggot Brain
37%
#302: Rush Moving Pictures
37%
#70: Danny Brown Atrocity Exhibition
36%
#313: R.E.M. Automatic for the People
36%
#191: The Jimi Hendrix Experience Axis: Bold as Love
36%
#73: The Stooges Fun House
36%
#167: Tool Lateralus
36%
#105: Aphex Twin Selected Ambient Works 85-92
36%
#478: Aphex Twin Selected Ambient Works Volume II
36%
#54: Leonard Cohen Songs of Leonard Cohen
36%
#485: The Band The Band
36%
#56: The Microphones The Glow Pt. 2
36%
#273: Tyler, the Creator Flower Boy
35%
#23: Godspeed You! Black Emperor Lift Yr. Skinny Fists Like Antennas to Heaven!
35%
#291: Beastie Boys Paul's Boutique
35%
#225: Wire Pink Flag
35%
#350: Steely Dan Aja
34%
#384: Jethro Tull Aqualung
34%
#103: Sufjan Stevens Carrie & Lowell
34%
#96: Frank Zappa Hot Rats
34%
#315: LCD Soundsystem Sound of Silver
34%
#250: The Doors Strange Days
34%
#440: Nine Inch Nails The Fragile
34%
#223: The Rolling Stones Beggars Banquet
33%
#311: John Williams / London Symphony Orchestra Star Wars
33%
#312: John Williams Star Wars: The Empire Strikes Back
33%
#67: Can Tago Mago
33%
#316: Portishead | #425: Soft Machine Third
33%
#324: R.E.M. Murmur
32%
#168: Slayer Reign in Blood
32%
#121: Curtis Mayfield Superfly
32%
#113: The Kinks The Kinks Are the Village Green Preservation Society
32%
#156: Joanna Newsom Ys
32%
#186: Pavement Crooked Rain, Crooked Rain
31%
#177: Boards of Canada Music Has the Right to Children
31%
#133: Megadeth Rust in Peace
31%
#153: Genesis Selling England by the Pound
31%
#9: Charles Mingus The Black Saint and the Sinner Lady
31%
#335: D'Angelo Voodoo
31%
#65: Bob Dylan Bringing It All Back Home
30%
#216: Gang of Four Entertainment!
30%
#97: The Smiths Hatful of Hollow
30%
#253: Van Morrison Moondance
30%
#479: Stevie Wonder Talking Book
30%
#112: Modest Mouse The Lonesome Crowded West
30%
#344: Sly and The Family Stone There's a Riot Goin' On
30%
#267: Yes Fragile
29%
#148: Belle and Sebastian If You're Feeling Sinister
29%
#91: The Zombies Odessey and Oracle
29%
#378: The Who Quadrophenia
29%
#174: Tom Waits Swordfishtrombones
29%
#422: Weyes Blood Titanic Rising
29%
#228: Kraftwerk Trans Europa Express
29%
#292: Elliott Smith XO
29%
#137: George Harrison All Things Must Pass
28%
#348: T. Rex Electric Warrior
28%
#452: Ramones Rocket to Russia
28%
#109: Angelo Badalamenti Soundtrack From Twin Peaks
28%
#460: Angelo Badalamenti Twin Peaks: Limited Event Series Soundtrack
28%
#197: Tool Ænima
27%
#129: OutKast ATLiens
27%
#147: Creedence Clearwater Revival Cosmo's Factory
27%
#175: Dead Kennedys Fresh Fruit for Rotting Vegetables
27%
#45: Fishmans Long Season
27%
#86: A Tribe Called Quest Midnight Marauders
27%
#484: Talking Heads More Songs About Buildings and Food
27%
#463: Jay-Z Reasonable Doubt
27%
#182: Black Sabbath Sabbath Bloody Sabbath
27%
#330: The Flaming Lips The Soft Bulletin
27%
#496: The Replacements Tim
27%
#493: Car Seat Headrest Twin Fantasy
27%
#288: Angelo Badalamenti Twin Peaks: Fire Walk With Me
27%
#241: A Tribe Called Quest We Got It From Here... Thank You 4 Your Service
27%
#296: Genesis The Lamb Lies Down on Broadway
26%
#188: Jethro Tull Thick as a Brick
26%
#238: King Crimson Discipline
25%
#278: Deep Purple Machine Head
25%
#140: Swans To Be Kind
25%
#217: Tom Waits Bone Machine
24%
#130: Have a Nice Life Deathconsciousness
24%
#364: Bob Marley and The Wailers Exodus
24%
#122: Ennio Morricone Il buono, il brutto, il cattivo
24%
#35: Miles Davis In a Silent Way
24%
#213: The Microphones Mount Eerie
24%
#477: Fugazi Repeater
24%
#166: The Avalanches Since I Left You
24%
#131: Leonard Cohen Songs of Love and Hate
24%
#60: Swans Soundtracks for the Blind
24%
#92: Talk Talk Spirit of Eden
24%
#212: Modest Mouse The Moon & Antarctica
24%
#342: Hüsker Dü Zen Arcade
24%
#444: D'Angelo and The Vanguard Black Messiah
23%
#114: Nick Drake Five Leaves Left
23%
#264: C418 Minecraft: Volume Alpha
23%
#185: Iron Maiden Powerslave
23%
#500: Soundgarden Superunknown
23%
#183: Curtis Mayfield Curtis
22%
#331: Pulp Different Class
22%
#319: Minutemen Double Nickels on the Dime
22%
#119: Love Forever Changes
22%
#387: Red House Painters Red House Painters
22%
#120: Mobb Deep The Infamous
22%
#127: Brian Eno Another Green World
21%
#266: Mos Def Black on Both Sides
21%
#397: Bruce Springsteen Darkness on the Edge of Town
21%
#219: Electric Wizard Dopethrone
21%
#262: Brian Eno Here Come the Warm Jets
21%
#401: Aretha Franklin Lady Soul
21%
#200: Igor Stravinsky (New York Philharmonic) | #321: Igor Stravinsky (Columbia Symphony Orchestra) Le sacre du printemps
21%
#104: Charles Mingus Mingus Ah Um
21%
#151: Built to Spill Perfect From Now On
21%
#284: Sonic Youth Sister
21%
#451: The Modern Lovers The Modern Lovers
21%
#376: Ween The Mollusk
21%
#203: Cocteau Twins Treasure
21%
#391: Deftones White Pony
21%
#377: Dinosaur Jr. You're Living All Over Me
21%
#281: Boris Boris at Last -Feedbacker-
20%
#90: John Coltrane Giant Steps
20%
#110: Pharoah Sanders Karma
20%
#227: Freddie Gibbs & Madlib Piñata
20%
#229: Nick Drake Bryter Layter
19%
#446: The Dismemberment Plan Emergency & I
19%
#77: Can Future Days
19%
#237: Kyuss Kyuss
19%
#61: Talk Talk Laughing Stock
19%
#233: Nick Cave and The Bad Seeds Let Love In
19%
#172: Judas Priest Painkiller
19%
#246: Swans The Seer
19%
#438: Mount Eerie A Crow Looked at Me
18%
#494: Faith No More Angel Dust
18%
#338: Yo La Tengo I Can Hear the Heart Beating as One
18%
#221: Otis Redding Otis Blue: Otis Redding Sings Soul
18%
#355: Ween Quebec
18%
#358: Sly and The Family Stone Stand!
18%
#159: Kate Bush The Dreaming
18%
#415: The Roots Things Fall Apart
18%
#193: Townes Van Zandt Townes Van Zandt
18%
#80: Sigur Rós Ágætis byrjun
17%
#142: King Crimson Larks' Tongues in Aspic
17%
#108: Death Symbolic
17%
#245: Burial Untrue
17%
#143: Sweet Trip velocity : design : comfort
17%
#392: Kraftwerk Computerwelt
16%
#461: Deltron 3030 Deltron 3030
16%
#190: Kraftwerk Die Mensch-Maschine
16%
#125: Can Ege bamyası
16%
#368: Isaac Hayes Hot Buttered Soul
16%
#320: Raekwon Only Built 4 Cuban Linx...
16%
#390: Dead Kennedys Plastic Surgery Disasters
16%
#328: Rainbow Rising
16%
#295: Black Sabbath Vol. 4
16%
#274: Daughters You Won't Get What You Want
16%
#473: Santana Abraxas
15%
#257: Herbie Hancock Head Hunters
15%
#206: Converge Jane Doe
15%
#404: Built to Spill Keep It Like a Secret
15%
#306: Howard Shore The Lord of the Rings: The Fellowship of the Ring
15%
#459: Fiona Apple When the Pawn...
15%
#218: Boards of Canada Geogaddi
14%
#115: Steve Reich | #317: Steve Reich and Musicians | #371: Grand Valley State University New Music Ensemble Music for 18 Musicians
14%
#87: Neil Young On the Beach
14%
#359: Cannonball Adderley Somethin' Else
14%
#453: Fugazi The Argument
14%
#333: Wire 154
13%
#222: Opeth Blackwater Park
13%
#481: Mr. Bungle California
13%
#298: Wire Chairs Missing
13%
#207: This Heat Deceit
13%
#251: Death Human
13%
#410: Parliament Mothership Connection
13%
#102: John Coltrane My Favorite Things
13%
#361: Captain Beefheart and His Magic Band Safe as Milk
13%
#370: The Kinks Something Else by The Kinks
13%
#385: Duster Stratosphere
13%
#340: Glenn Branca The Ascension
13%
#220: Ornette Coleman The Shape of Jazz to Come
13%
#208: Vince Guaraldi A Charlie Brown Christmas
12%
#169: John Coltrane Blue Train
12%
#347: Deep Purple Deep Purple in Rock
12%
#325: Joanna Newsom Have One on Me
12%
#498: Aretha Franklin I Never Loved a Man the Way I Love You
12%
#194: Unwound Leaves Turn Inside You
12%
#160: Ludwig van Beethoven (Berliner Philharmoniker) Symphony No. 9
12%
#430: Antonín Dvořák (Wiener Philharmoniker) Symphony No. 9 / Moldau
12%
#161: Art Blakey and The Jazz Messengers Art Blakey and The Jazz Messengers
11%
#419: Crosby, Stills, Nash & Young Déjà vu
11%
#466: Bob Dylan Desire
11%
#475: Joni Mitchell Hejira
11%
#354: Miles Davis On the Corner
11%
#427: Tom Waits Orphans: Brawlers, Bawlers & Bastards
11%
#362: Scott Walker Scott 4
11%
#398: Viktor Vaughn Vaudeville Villain
11%
#231: Fela Anikulapo Kuti and Afrika 70 Zombie
11%
#187: The Kinks Arthur or the Decline and Fall of the British Empire
10%
#456: The Pharcyde Bizarre Ride II the Pharcyde
10%
#464: Stereolab Dots and Loops
10%
#111: Neil Young with Crazy Horse Everybody Knows This Is Nowhere
10%
#462: Faust Faust IV
10%
#304: Stan Getz & João Gilberto featuring Antônio Carlos Jobim Getz / Gilberto
10%
#454: Rush Hemispheres
10%
#420: Big L Lifestylez ov da Poor & Dangerous
10%
#301: Charles Mingus Mingus Mingus Mingus Mingus Mingus
10%
#426: Black Star Mos Def & Talib Kweli Are Black Star
10%
#421: UGK Ridin' Dirty
10%
#285: Coil The Ape of Naples
10%
#209: Koji Kondo The Legend of Zelda: Majora's Mask
10%
#309: Koji Kondo The Legend of Zelda: Ocarina of Time
10%
#252: Neil Young Tonight's the Night
10%
#282: Sweet Trip You Will Never Know Why
10%
#445: Neil Young with Crazy Horse Zuma
10%
#300: Burzum Filosofem
9%
#346: Boris flood
9%
#268: Genesis Foxtrot
9%
#488: Death Grips Jenny Death: The Powers That B Disc 2
9%
#307: The Microphones Microphones in 2020
9%
#303: Camel Mirage
9%
#322: At the Drive-In Relationship of Command
9%
#294: Mario Galaxy Orchestra Super Mario Galaxy: Original Soundtrack
9%
#297: Magnolia Electric Co. The Magnolia Electric Co.
9%
#343: Death The Sound of Perseverance
9%
#242: John Coltrane Ascension
8%
#116: Milton Nascimento & Lô Borges Clube da Esquina
8%
#192: Fela Ransome Kuti & Africa 70 Expensive Shit
8%
#178: Comus First Utterance
8%
#255: Gang Starr Moment of Truth
8%
#386: Slayer Seasons in the Abyss
8%
#389: Antonín Dvořák (Chicago Symphony Orchestra) Symphony No. 9 'From the New World'
8%
#429: Red House Painters Down Colorful Hill
7%
#418: Emperor In the Nightside Eclipse
7%
#135: Alice Coltrane featuring Pharoah Sanders Journey in Satchidananda
7%
#458: NEU! NEU! '75
7%
#409: ISIS Panopticon
7%
#287: Nina Simone Pastel Blues
7%
#455: Judas Priest Sad Wings of Destiny
7%
#433: The Chameleons Script of the Bridge
7%
#235: Iron Maiden Seventh Son of a Seventh Son
7%
#214: Ludwig van Beethoven (Wiener Philharmoniker) | #290: Ludwig van Beethoven (Berliner Philharmoniker) Symphony No. 5
7%
#339: The Dave Brubeck Quartet Time Out
7%
#486: Creedence Clearwater Revival Willy and the Poor Boys
7%
#349: Brian Eno Before and After Science
6%
#457: Mastodon Crack the Skye
6%
#405: Death Individual Thought Patterns
6%
#308: Sun Ra Lanquidity
6%
#215: Eric Dolphy Out to Lunch!
6%
#448: Gil Scott-Heron Pieces of a Man
6%
#163: Akira Yamaoka Silent Hill 2: Original Soundtrack
6%
#256: Opeth Still Life
6%
#381: Ludwig van Beethoven (Berlin Philharmonic Orchestra) Symphony No. 9 "Choral"
6%
#471: Wolfgang Amadeus Mozart (Wiener Philharmoniker) | #482: Wolfgang Amadeus Mozart (BBC Symphony Orchestra) Requiem
5%
#326: Robert Wyatt Rock Bottom
5%
#270: Frédéric Chopin (Artur Rubinstein) The Nocturnes
5%
#472: Wolfgang Amadeus Mozart (Academy of St. Martin-in-the-Fields) Amadeus
4%
#165: Charles Mingus Blues & Roots
4%
#243: Ennio Morricone C'era una volta il West
4%
#202: Yasunori Mitsuda "Chrono Trigger" Original Sound Version
4%
#224: Chico Buarque Construção
4%
#434: Mercyful Fate Don't Break the Oath
4%
#403: Nobuo Uematsu Final Fantasy IX Original Soundtrack
4%
#258: Nobuo Uematsu Final Fantasy VII Original Soundtrack
4%
#249: Nobuo Uematsu Final Fantasy VI Original Sound Version
4%
#205: Miles Davis Get Up With It
4%
#412: Opeth Ghost Reveries
4%
#388: Sun Kil Moon Ghosts of the Great Highway
4%
#489: Mercyful Fate Melissa
4%
#341: Cryptopsy None So Vile
4%
#367: Van der Graaf Generator Pawn Hearts
4%
#327: Sonny Rollins Saxophone Colossus
4%
#449: Herbie Hancock Sextant
4%
#360: Glenn Gould The Goldberg Variations
4%
#436: The Mahavishnu Orchestra with John McLaughlin The Inner Mounting Flame
4%
#369: Johnny Cash Unearthed
4%
#474: Darkthrone A Blaze in the Northern Sky
3%
#149: Novos Baianos Acabou chorare
3%
#467: Morbid Angel Altars of Madness
3%
#399: Agalloch Ashes Against the Grain
3%
#198: Jorge Ben A Tábua de Esmeralda
3%
#310: The Seatbelts Cowboy Bebop
3%
#239: Yoko Kanno / The Seatbelts Cowboy Bebop Original Soundtrack
3%
#491: Hideki Naganuma Jet Set Radio Future Soundtrack
3%
#345: Gorguts Obscura
3%
#269: Organized Konfusion Stress: The Extinction Agenda
3%
#380: Geinoh Yamashirogumi Symphonic Suite AKIRA
3%
#363: Neurosis Through Silver in Blood
3%
#334: Wipers Youth of America
3%
#414: Ulver Bergtatt: Et eeventyr i 5 capitler
2%
#423: John Fahey Fare Forward Voyagers (Soldier's Choice)
2%
#259: Charles Mingus Let My Children Hear Music
2%
#497: Coil Musick to Play in the Dark
2%
#437: Gene Clark No Other
2%
#443: Joe Hisaishi Sen to Chihiro no kamikakushi
2%
#407: Racionais MC's Sobrevivendo no inferno
2%
#450: Bolt Thrower Those Once Loyal
2%
#293: Fishmans Uchū Nippon Setagaya
2%
#280: Sigur Rós ( )
1%
#117: Ludwig van Beethoven (Berliner Philharmoniker) 9 Symphonien
1%
#411: Jorge Ben África Brasil
1%
#276: John Coltrane Africa / Brass
1%
#416: Emperor Anthems to the Welkin at Dusk
1%
#424: Pescado Rabioso Artaud
1%
#323: Komeda Quintet Astigmatic
1%
#195: Miles Davis A Tribute to Jack Johnson
1%
#283: Ennio Morricone C'era una volta in America
1%
#286: Yasunori Mitsuda Chrono Cross: Original Soundtrack
1%
#394: Immolation Close to a World Below
1%
#439: Duke Ellington Duke Ellington's Far East Suite
1%
#336: Invisible El jardín de los presentes
1%
#428: Valve Studio Orchestra Fight Songs: The Music of Team Fortress 2
1%
#305: Jorge Ben Fôrça bruta
1%
#406: Art Blakey and The Jazz Messengers Free for All
1%
#468: Van der Graaf Generator Godbluff
1%
#495: Burzum Hvis lyset tar oss
1%
#480: Caravan In the Land of Grey and Pink
1%
#357: Sheena Ringo Kalk samen kuri no hana
1%
#469: Dismember Like an Ever Flowing Stream
1%
#365: Johann Sebastian Bach (English Baroque Soloists) Mass in B minor
1%
#351: Johann Sebastian Bach (Collegium Vocale Gent) | #447: Johann Sebastian Bach (La Petite Bande) Matthäus-Passion
1%
#465: John Coltrane Meditations
1%
#372: The Cannonball Adderley Quintet Mercy, Mercy, Mercy!
1%
#483: Thelonious Monk Septet Monk's Music
1%
#402: Joe Hisaishi Mononoke-hime
1%
#230: Hirokazu Tanaka & Keiichi Suzuki Mother 2
1%
#275: Keiichi Okabe & Keigo Hoashi NieR: Automata Original Soundtrack
1%
#332: Keiichi Okabe, Kakeru Ishihama, Keigo Hoashi & Takafumi Nishimura NieR Gestalt & Replicant Original Soundtrack
1%
#289: Junichi Masuda, Go Ichinose & Hitomi Sato Nintendo DS Pokémon Diamond & Pearl Super Music Collection
1%
#499: Astor Piazzolla and The New Tango Quintet Nuevo Tango: Hora Zero
1%
#232: John Coltrane Olé Coltrane
1%
#470: Baden Powell & Vinicius de Moraes Os afro-sambas de Baden e Vinícius
1%
#442: Townes Van Zandt Our Mother the Mountain
1%
#234: Shoji Meguro Persona 5 Original Soundtrack
1%
#476: Sun Ra and His Arkestra Sleeping Beauty
1%
#329: The Horace Silver Quintet Song for My Father
1%
#379: Dissection Storm of the Light's Bane
1%
#254: Arvo Pärt Tabula rasa
1%
#236: Shiro Sagisu The End of Evangelion
1%
#413: Caetano Veloso Transa
1%
#383: Robbie Basho Visions of the Country
1%
#400: NoMeansNo Wrong
1%
#432: Frédéric Chopin (Krystian Zimerman) 4 Balladen; Barcarolle; Fantasie
0%
#441: Stereolab ABC Music: The Radio 1 Sessions
0%
#408: Johann Sebastian Bach (Tatiana Nikolayeva) Die Kunst der Fuge
0%
#435: David Wise / Eveline Fischer DK Jamz: The Original Donkey Kong Soundtrack
0%
#244: David Wise Donkey Kong Country 2: Diddy Kong's Quest
0%
#487: Morton Feldman (FLUX Quartet) Feldman Edition 6: String Quartet No. 2
0%
#396: Yu Miyake Katamari Damacy Soundtrack: Katamari Fortissimo Damacy
0%
#395: Fela & The Africa 70 Roforofo Fight
0%
#417: Ko Otani Shadow of the Colossus: Roar of the Earth
0%
#393: Béla Bartók (Takács Quartet) The 6 String Quartets
0%
#490: Edgard Varèse (Royal Concertgebouw Orchestra) The Complete Works
0%
#431: Yasunori Mitsuda Xenogears
0%
No matching quizzes found
Score Distribution
Percent of People with Each Score
Percentile by Number Answered
Your Score History
You have not taken this quiz